|
|
|
|
| LEADER |
00000nam a22000007a 4500 |
| 005 |
20190807004252.0 |
| 007 |
cr|||| ||| |
| 008 |
190807s2018 es |||||s|||| 00||0 spa d |
| 020 |
|
|
|a 978-84-937762-3-7
|
| 035 |
|
|
|a 23981
|
| 040 |
|
|
|a vLex
|
| 090 |
|
|
|c 9119
|d 9119
|
| 245 |
0 |
0 |
|a Anales de la Academia Sevillana del Notariado
|h [Recurso electrn̤ico] :
|b Conferencias del curso acadm̌ico 2017/2018
|n Tomo XXIX
|
| 256 |
|
|
|a Servicio en ln̕ea
|
| 260 |
|
|
|a Sevilla:
|b Academia Sevillana del Notariado,
|c 2018
|
| 300 |
|
|
|a 1 recurso electrn̤ico
|
| 490 |
|
0 |
|a Anales de la Academia Sevillana del Notariado
|
| 506 |
1 |
|
|a Disponible solo en los productos indicados
|d vLex Global
|d vLex Global (Academic Edition, excluding Law Schools)
|d vLex Global (U.S. Academic Edition, Law Schools)
|d vLex Global (U.S. Academic Edition, excluding Law Schools)
|d vLex Global (Academic Edition, Law Schools)
|
| 650 |
0 |
4 |
|a Derecho Civil
|z Espaą
|
| 740 |
0 |
|
|a vLex Libros (Servicio en ln̕ea)
|
| 856 |
4 |
0 |
|u http://vlex.com/source/anales-academia-sevillana-notariado-tomo-xxix-conferencias-curso-academico-2017-2018-23981
|z Acceso restringido
|
| 942 |
|
|
|c BOOK
|
| 999 |
0 |
|
|a Civil Law
|